| 000 | 00592nam a2200193 a 4500 | ||
|---|---|---|---|
| 005 | 20210219152942.0 | ||
| 008 | 991125n 000 0 eng u | ||
| 035 | _aUPN01000068466 | ||
| 222 | 0 | _aBRAIN AND LANGUAGE | |
| 245 | 0 | 0 | _aComputer speech-based training of literacy skills in neurogically impaired children: a controlled evaluation / Maureen W. Lovett... [et. al] |
| 260 | _aEUA | ||
| 300 | _a117-154 | ||
| 362 | 0 | _a1994 Vol. 47, no. 1, jul. | |
| 653 | 0 | _aCOMPRENSION VERBAL | |
| 653 | 0 | _aCOMPUTADORA | |
| 653 | 0 | _aDAÑO CEREBRAL | |
| 904 |
_aAC _b006277 |
||
| 905 | _aArticulo | ||
| 999 |
_c64588 _d64588 |
||